Overlapping TV Shows and Movies Quiz Stats

Quiz Updated Jun 4, 2016

Challenge
Share
Tweet
Score 0/24 Timer 05:00
0 Plays Today
% Correct
Breaking
89.6%
Deadliest
87.8%
Quantum
82.2%
Full
77.3%
McHale's
74.9%
Ricki
73.8%
Nurse
72.7%
Chicago
72.4%
Fraggle
71.9%
Nip
68.5%
Boston
67.6%
Gentle
67.2%
% Correct
Captain
64.6%
Dance
63.8%
Mister
63.3%
I
63%
NYPD
60.4%
Samurai
54.5%
Ugly
43.8%
Mama's
40.9%
Cold
40.7%
True
39%
Average
35%
Hello,
29.5%

You're not logged in!

Compare scores with friends on all Sporcle quizzes.
Sign Up with Email
OR
Log In

You Might Also Like...

Show Comments

Extras

Top Quizzes Today


Score Distribution

Your Account Isn't Verified!

In order to create a playlist on Sporcle, you need to verify the email address you used during registration. Go to your Sporcle Settings to finish the process.